2022 Films by Description - Statistics

General Stats
  • This quiz has been taken 19 times
  • The average score is 12 of 27
Answer Stats
Description Film % Correct
Five assassins aboard a swiftly-moving bullet train find out that their missions have something in common. Bullet Train
100%
Nearly 5,000 years after he was bestowed with the almighty powers of the Egyptian gods--and imprisoned just as quickly--Black Adam is freed from his earthly tomb, ready to unleash his unique form of justice on the modern world. Black Adam
88%
Thor enlists the help of Valkyrie, Korg and ex-girlfriend Jane Foster to fight Gorr the God Butcher, who intends to make the gods extinct. Thor: Love and Thunder
76%
A middle-aged Chinese immigrant is swept up into an insane adventure in which she alone can save existence by exploring other universes and connecting with the lives she could have led. Everything Everywhere All at Once
71%
After thirty years, Maverick is still pushing the envelope as a top naval aviator, but must confront ghosts of his past when he leads TOP GUN's elite graduates on a mission that demands the ultimate sacrifice from those chosen to fly it. Top Gun: Maverick
71%
The people of Wakanda fight to protect their home from intervening world powers as they mourn the death of King T'Challa. Black Panther: Wakanda Forever
65%
When the manic Dr Robotnik returns to Earth with a new ally, Knuckles the Echidna, Sonic and his new friend Tails is all that stands in their way. Sonic the Hedgehog 2
65%
While spending years attempting to return home, marooned Space Ranger Buzz Lightyear encounters an army of ruthless robots commanded by Zurg who are attempting to steal his fuel source. Lightyear
59%
Biochemist Michael Morbius tries to cure himself of a rare blood disease, but he inadvertently infects himself with a form of vampirism instead. Morbius
59%
When a sadistic serial killer begins murdering key political figures in Gotham, Batman is forced to investigate the city's hidden corruption and question his family's involvement. The Batman
59%
Now a detective-for-hire, Enola Holmes takes on her first official case to find a missing girl as the sparks of a dangerous conspiracy ignite a mystery that requires the help of friends - and Sherlock himself - to unravel. Enola Holmes 2
53%
Doctor Strange teams up with a mysterious teenage girl from his dreams who can travel across multiverses, to battle multiple threats, including other-universe versions of himself, which threaten to wipe out millions across the multiverse. They seek help from Wanda the Scarlet Witch, Wong and others. Doctor Strange in the Multiverse of Madness
47%
The saga of Michael Myers and Laurie Strode comes to a spine-chilling climax in the final installment of this trilogy. Halloween Ends
41%
A 13-year-old girl named Meilin turns into a giant red panda whenever she gets too excited. Turning Red
41%
Street-smart Nathan Drake is recruited by seasoned treasure hunter Victor "Sully" Sullivan to recover a fortune amassed by Ferdinand Magellan, and lost 500 years ago by the House of Moncada. Uncharted
41%
Jake Sully lives with his newfound family formed on the extrasolar moon Pandora. Once a familiar threat returns to finish what was previously started, Jake must work with Neytiri and the army of the Na'vi race to protect their home. Avatar: The Way of Water
35%
Naru, a skilled warrior of the Comanche Nation, fights to protect her tribe against one of the first highly-evolved Predators to land on Earth. Prey
35%
Famed Southern detective Benoit Blanc travels to Greece for his latest case. Glass Onion: A Knives Out Mystery
29%
The untold story of one twelve-year-old's dream to become the world's greatest supervillain. Minions: The Rise of Gru
29%
Growing up in post-World War II era Arizona, young Sammy Fabelman aspires to become a filmmaker as he reaches adolescence, but soon discovers a shattering family secret and explores how the power of films can help him see the truth. The Fabelmans
24%
Professor Albus Dumbledore must assist Newt Scamander and his partners as Grindelwald begins to lead an army to eliminate all Muggles. Fantastic Beasts: The Secrets of Dumbledore
18%
Four years after the destruction of Isla Nublar, Biosyn operatives attempt to track down Maisie Lockwood, while Dr Ellie Sattler investigates a genetically engineered swarm of giant insects. Jurassic World: Dominion
18%
After accidentally crash-landing in 2022, time-traveling fighter pilot Adam Reed teams up with his 12-year-old self for a mission to save the future. The Adam Project
18%
To avoid prison, a gang of notorious animal criminals pretends to seek being rehabilitated, only for their leader to realize that he genuinely wants to change his ways. The Bad Guys
18%
The legendary Clades are a family of explorers whose differences threaten to topple their latest and most crucial mission. Strange World
12%
Krypto the Super-Dog and Superman are inseparable best friends, sharing the same superpowers and fighting crime side by side in Metropolis. However, Krypto must master his own powers for a rescue mission when Superman is kidnapped. Super Pets
12%
A reclusive romance novelist on a book tour with her cover model gets swept up in a kidnapping attempt that lands them both in a cutthroat jungle adventure. The Lost City
0%
No matching quizzes found
Score Distribution
Percent of People with Each Score
Percentile by Number Answered
Your Score History
You have not taken this quiz